[Event "Mirandola Giovanni Pico op 4th"]
[Site "Mirandola"]
[Date "2011.01.15"]
[Round "2"]
[White "Rosmini, Edward"]
[Black "Bartiromo, Gerardo"]
[Result "1-0"]
[WhiteElo "1873"]
[BlackElo "1634"]
[PlyCount "97"]
[EventDate "2011.01.14"]
[EventType "swiss"]
[EventRounds "5"]
[EventCountry "ITA"]
[SourceTitle "EXT 2012"]
[Source "ChessBase"]
[SourceDate "2011.11.24"]
[SourceVersion "1"]
[SourceVersionDate "2011.11.24"]
[SourceQuality "1"]

1. d4 d5 2. c4 e6 3. Nc3 c6 4. Nf3 Nf6 5. Bg5 Be7 6. e3 Nbd7 7. Rc1 0-0 8. Bd3 dxc4 9. Bxc4 Nd5 10. Bxe7 Nxe7 11. 0-0 Qa5 12. a3 Ng6 13. Bd3 Qh5 14. Ne4 e5 15. Ng3 Qh6 16. Bxg6 Qxg6 17. dxe5 Qe6 18. Qd4 f6 19. exf6 Nxf6 20. Rfd1 Qg4 21. h3 Qxd4 22. Rxd4 Nd5 23. Nd2 Be6 24. Nde4 Rad8 25. Rcd1 b6 26. Ng5 Bc8 27. e4 h6 28. Nf3 Bxh3 29. exd5 c5 30. R4d3 Bg4 31. Re1 Bxf3 32. gxf3 Rd7 33. Kg2 c4 34. Rd4 b5 35. d6 a6 36. Ne4 Rfd8 37. Red1 Rc8 38. Rd5 Kf7 39. Nc5 Rdd8 40. d7 Rb8 41. Nxa6 Rb7 42. Nc5 Rc7 43. Ne4 g6 44. Nd6+ Ke6 45. Nxb5 Rb7 46. a4 Rb6 47. a5 Rc6 48. a6 c3 49. bxc3 1-0